| 000 | 00963cab a2200289 4500 | ||
|---|---|---|---|
| 001 | WB3004-13 | ||
| 008 | 090401t1994 xxu||||| |||| 00| 0 eng d | ||
| 035 | _a(Sirsi) u58484 | ||
| 041 | _aeng | ||
| 245 | _aProfiled-steel roofing | ||
| 260 | _c1994 | ||
| 350 | _a0 | ||
| 490 |
_aArchitects` Journal _v199(2) 12 January 1994, 5(1) |
||
| 520 | _aA BRE study on the performance of organic-coated metal roof sheeting found that 35% of PVC- or PVf2-coated sheeting corroded at the cut end. | ||
| 650 | _aBUILT ENVIRONMENT-BUILDING MATERIALS | ||
| 650 | _aCOATED METAL ROOF SHEETING | ||
| 650 | _aCORROSION | ||
| 650 | _aDEFECTS | ||
| 650 | _aPVC-COATED | ||
| 650 | _aPVF2-COATED | ||
| 650 | _aROOFING MATERIALS | ||
| 650 | _aBUILT ENVIRONMENT-BUILDING ELEMENTS-COMPLETE BUILDING ELEMENTS-ROOFS | ||
| 690 | _aBUILDING AND CONSTRUCTION-DEFECTS AND FAILURES | ||
| 690 | _aBUILT ENVIRONMENT-BUILDING MATERIALS | ||
| 942 | _n0 | ||
| 948 | _c04/03/1997 | ||
| 999 |
_c35713 _d35713 |
||